Alle Europa League Torschützen von Hannover 96 - Statistiken

Allgemein
  • Dieses Quiz wurde 79 mal gespielt
  • Das Durchschnittsergebnis liegt bei 7 aus 12
Antwortstatistiken
Antwort % Korrekt
4 Didier Ya Konan
90%
5 Jan Schlaudraff
86%
4 Lars Stindl
83%
7 Mame Diouf
78%
4 Mohammed Abdellaoue
68%
1 Manuel Schmiedebach
61%
3 Sérgio da Silva Pinto
59%
2 Christian Pander
49%
1 Constantin Rausch
48%
5 Szabolcs Huszti
43%
2 Leon Andreasen
41%
5 Artur Sobiech
30%
Keine übereinstimmenden Quizze gefunden
Verteilung der Resultate
Anzahl Personen mit jedem Resultat
Perzentil nach korrekt beantworteten Fragen
Ihre Resultats-Entwicklung
Sie haben dieses Quiz noch nicht gespielt